Islamic family law and justice for Muslim women (Record no. 3209)

MARC details
000 -LEADER
fixed length control field 00786nam a2200217 4500
003 - CONTROL NUMBER IDENTIFIER
control field LK-CoMWRAF
008 - FIXED-LENGTH DATA ELEMENTS--GENERAL INFORMATION
fixed length control field 230818b2003 |||||||| |||| 00| 0 eng d
020 ## - INTERNATIONAL STANDARD BOOK NUMBER
International Standard Book Number 9832642115
040 ## - CATALOGING SOURCE
Original cataloging agency LK-CoMWRAF
Modifying agency LK-CoMWRAF
Description conventions LK-CoMWRAF
041 ## - LANGUAGE CODE
Language code of text/sound track or separate title English
082 ## - DEWEY DECIMAL CLASSIFICATION NUMBER
Classification number 305.48
Item number ISL
942 ## - ADDED ENTRY ELEMENTS (KOHA)
Koha item type Conference Proceeding
111 ## - MAIN ENTRY--MEETING NAME
Meeting name or jurisdiction name as entry element REGIONAL WORKSHOPON ISLAMIC FAMILY LAW AND JUSTICE FOR MUSLIM WOMEN
Location of meeting (Kuala Lumpur, Malaysia
Date of meeting June 2001)
700 ## - ADDED ENTRY--PERSONAL NAME
Personal name Badlishah, Hjh. Nik Noriani Nik
relator term editor
245 ## - TITLE STATEMENT
Title Islamic family law and justice for Muslim women
260 ## - PUBLICATION, DISTRIBUTION, ETC. (IMPRINT)
Place of publication, distribution, etc. Kuala Lumpur:
Name of publisher, distributor, etc. Sisters in Islam,
Date of publication, distribution, etc. 2003
300 ## - PHYSICAL DESCRIPTION
Extent 136 p. ; 23 cm
650 ## - SUBJECT ADDED ENTRY--TOPICAL TERM
Topical term or geographic name as entry element Domestic relations (Islamic law)- Asia,- Congresses;
650 ## - SUBJECT ADDED ENTRY--TOPICAL TERM
Topical term or geographic name as entry element Muslim women-Legal status, laws-Congresses;
650 ## - SUBJECT ADDED ENTRY--TOPICAL TERM
Topical term or geographic name as entry element Marriage (Islamic law)-Asia-Congresses
Holdings
Withdrawn status Lost status Damaged status Not for loan Permanent Location Current Location Date acquired Full call number Barcode Koha item type
        Resource center, Muslim Women's Research And Action Forum Resource center, Muslim Women's Research And Action Forum 2023-08-18 305.48 ISL RAF14 Conference Proceeding

Copyright © 2023 Muslim Women's Research and Action Forum (MWRAF), No 27/3, Anderson Road, Kalubowila, Dehiwela. Funded by The Asia Fundation